Dictionary of old historical books (Record no. 2630)
[ view plain ]
| 000 -LEADER | |
|---|---|
| fixed length control field | 00422nam a22001577a 4500 |
| 005 - DATE AND TIME OF LATEST TRANSACTION | |
| control field | 20250117130353.0 |
| 008 - FIXED-LENGTH DATA ELEMENTS--GENERAL INFORMATION | |
| fixed length control field | 250117b |||||||| |||| 00| 0 eng d |
| 020 ## - INTERNATIONAL STANDARD BOOK NUMBER | |
| International Standard Book Number | 9781844740949 |
| 050 ## - LIBRARY OF CONGRESS CALL NUMBER | |
| Classification number | REF1205.55 DIC |
| Item number | 1 |
| 100 ## - MAIN ENTRY--PERSONAL NAME | |
| Personal name | Arnold, T Bill ed. |
| 245 ## - TITLE STATEMENT | |
| Title | Dictionary of old historical books |
| 260 ## - PUBLICATION, DISTRIBUTION, ETC. | |
| Place of publication, distribution, etc. | Illinois |
| Name of publisher, distributor, etc. | InterVarsity press |
| Date of publication, distribution, etc. | 2005c |
| 300 ## - PHYSICAL DESCRIPTION | |
| Extent | xx,1060p |
| 700 ## - ADDED ENTRY--PERSONAL NAME | |
| Personal name | Williamson,H.G.M |
| 942 ## - ADDED ENTRY ELEMENTS (KOHA) | |
| Source of classification or shelving scheme | Library of Congress Classification |
| Koha item type | Books |
| Suppress in OPAC | No |
| 999 ## - | |
| -- | 2630 |
| -- | 2630 |
No items available.